The information society reader / (Record no. 9141)

MARC details
000 -LEADER
fixed length control field 01443cam a22003614a 4500
001 - CONTROL NUMBER
control field 13217785
003 - CONTROL NUMBER IDENTIFIER
control field OSt
005 - DATE AND TIME OF LATEST TRANSACTION
control field 20240710110355.0
008 - FIXED-LENGTH DATA ELEMENTS--GENERAL INFORMATION
fixed length control field 030530s2004 enka b 001 0 eng
010 ## - LIBRARY OF CONGRESS CONTROL NUMBER
LC control number 2003012385
020 ## - INTERNATIONAL STANDARD BOOK NUMBER
International Standard Book Number 0415319277 (hardback : alk. paper)
020 ## - INTERNATIONAL STANDARD BOOK NUMBER
International Standard Book Number 0415319285 (pbk. : alk. paper)
035 ## - SYSTEM CONTROL NUMBER
System control number (OCoLC)ocm52349153
040 ## - CATALOGING SOURCE
Transcribing agency must
042 ## - AUTHENTICATION CODE
Authentication code pcc
050 00 - LIBRARY OF CONGRESS CALL NUMBER
Classification number HM851
Item number .I534 2004
082 00 - DEWEY DECIMAL CLASSIFICATION NUMBER
Classification number 303.4833 INF 2004
Edition number 21
084 ## - OTHER CLASSIFICATION NUMBER
Classification number 05.20
Number source bcl
245 04 - TITLE STATEMENT
Title The information society reader /
Statement of responsibility, etc. edited by Frank Webster ; with the assistance of Raimo Blom ... [et al.].
260 ## - PUBLICATION, DISTRIBUTION, ETC. (IMPRINT)
Place of publication, distribution, etc. London ;
-- New York :
Name of publisher, distributor, etc. Routledge,
Date of publication, distribution, etc. 2004.
300 ## - PHYSICAL DESCRIPTION
Extent xii, 449 p. :
Other physical details ill. ;
Dimensions 25 cm.
440 #0 - SERIES STATEMENT/ADDED ENTRY--TITLE
Title Routledge student readers
9 (RLIN) 18613
504 ## - BIBLIOGRAPHY, ETC. NOTE
Bibliography, etc Includes bibliographical references and index.
650 #0 - SUBJECT ADDED ENTRY--TOPICAL TERM
Topical term or geographic name as entry element Information society.
9 (RLIN) 18614
650 #0 - SUBJECT ADDED ENTRY--TOPICAL TERM
Topical term or geographic name as entry element Information technology
General subdivision Social aspects.
9 (RLIN) 18615
700 1# - ADDED ENTRY--PERSONAL NAME
Personal name Webster, Frank.
9 (RLIN) 18616
700 1# - ADDED ENTRY--PERSONAL NAME
Personal name Blom, Raimo.
9 (RLIN) 18617
856 41 - ELECTRONIC LOCATION AND ACCESS
Materials specified Table of contents only
Uniform Resource Identifier <a href="http://www.loc.gov/catdir/toc/ecip044/2003012385.html">http://www.loc.gov/catdir/toc/ecip044/2003012385.html</a>
856 42 - ELECTRONIC LOCATION AND ACCESS
Materials specified Publisher description
Uniform Resource Identifier <a href="http://www.loc.gov/catdir/enhancements/fy0665/2003012385-d.html">http://www.loc.gov/catdir/enhancements/fy0665/2003012385-d.html</a>
906 ## - LOCAL DATA ELEMENT F, LDF (RLIN)
a 7
b cbc
c orignew
d 1
e ecip
f 20
g y-gencatlg
942 ## - ADDED ENTRY ELEMENTS (KOHA)
Source of classification or shelving scheme Dewey Decimal Classification
Koha item type Open Shelf
Holdings
Withdrawn status Lost status Source of classification or shelving scheme Damaged status Not for loan Home library Current library Date acquired Source of acquisition Inventory number Total Checkouts Full call number Barcode Date last seen Price effective from Koha item type
    Dewey Decimal Classification     MUST Main Library MUST Main Library 10/07/2024 donation 05/23272   303.4833 INF 2004 2024-21903 10/07/2024 10/07/2024 Open Shelf